Guess the European Fact File #1 - Statistics

General Stats
  • This quiz has been taken 34 times
  • The average score is 8 of 10
Answer Stats
Hint Answer % Correct
The Biggest Land Area Country Russia
91%
Owner of Prussia Part Of Poland WWI WWII Germany
85%
Borders Uk But Not Ireland Spain
85%
Country that has A population Of 65.8 Million People France
82%
Conquered the most Countries UK
82%
The Other Country The Smallest Country In Italy Vatican
79%
Largest In The Balkans Greece
76%
5th Strongest Country In Europe Italy
73%
The Country Located In Italy San Marino
73%
The Country That Less Than 4.6 Billion People Say that This Country Is In Europe and Asia Part Of The Russian Empire Kazakhstan
52%
No matching quizzes found
Score Distribution
Percent of People with Each Score
Percentile by Number Answered
Your Score History
You have not taken this quiz